Statistics for Writer by Book

Click here to take the quiz!

General Stats

  • This quiz has been taken 109 times
  • The average score is 7 of 15

Answer Stats

Name in EnglishOriginal NameAnswer% Correct
The Picture of Dorian GrayThe Picture of Dorian GrayOscar Wilde
78%
Journey to the Center of the EarthVoyage au centre de la TerreJules Verne
76%
Don QuixoteDom QuixoteMiguel de Cervantes
73%
Animal FarmAnimal FarmGeorge Orwell
69%
Angels & DemonsAngels & DemonsDan Brown
65%
The TempestThe TempestWilliam Shakespeare
63%
The Name of the RoseIl Nome della RosaUmberto Eco
63%
The SilmarillionThe SilmarillionJ. R. R. Tolkien
52%
The Brothers KaramazovФёдор Миха́йлович Достое́вскийFyodor Dostoyevsky
42%
The Girl with the Dragon TattooMän som hatar kvinnorStieg Larsson
41%
The Casual VacancyThe Casual VacancyJ. K. Rowling
40%
BlindnessEnsaio Sobre a CegueiraJosé Saramago
24%
Dom CasmurroDom CasmurroMachado de Assis
8%
Dream of the Red Chamber紅樓夢Cao Xueqin
7%
Sophie's WorldSofies VerdenJostein Gaarder
6%

Score Distribution

Percentile by Number Answered

Percent of People with Each Score

Your Score History

You have not taken this quiz